Visiones de una Constitución (Record no. 19631)
[ view plain ]
| 000 -LEADER | |
|---|---|
| campo de control de longitud fija | 00831nmm a2200289 a 4500 |
| 003 - IDENTIFICADOR DE NÚMERO DE CONTROL | |
| campo de control | AR-BaBNM |
| 005 - FECHA Y HORA DE LA ÚLTIMA TRANSACCIÓN | |
| campo de control | 20251128211425.0 |
| 008 - DATOS DE LONGITUD FIJA--INFORMACIÓN GENERAL | |
| campo de control de longitud fija | 284020s2004 ||||||||||||||000 | spa|| |
| 040 ## - FUENTE DE CATALOGACIÓN | |
| Centro/agencia transcriptor | AR-BaBNM |
| 245 10 - MENCIÓN DEL TÍTULO | |
| Título | Visiones de una Constitución |
| 260 ## - PUBLICACIÓN, DISTRIBUCIÓN, ETC. | |
| Lugar de publicación, distribución, etc. | Buenos Aires |
| Nombre del editor, distribuidor, etc. | Universidad de Ciencias Empresariales y Sociales |
| Fecha de publicación, distribución, etc. | 2004 |
| 300 ## - DESCRIPCIÓN FÍSICA | |
| Extensión | 616 p. |
| 650 #4 - PUNTO DE ACCESO ADICIONAL DE MATERIA--TÉRMINO DE MATERIA | |
| Término de materia o nombre geográfico como elemento de entrada | HISTORIA ARGENTINA |
| 650 #4 - PUNTO DE ACCESO ADICIONAL DE MATERIA--TÉRMINO DE MATERIA | |
| Término de materia o nombre geográfico como elemento de entrada | DERECHO CONSTITUCIONAL |
| 650 #4 - PUNTO DE ACCESO ADICIONAL DE MATERIA--TÉRMINO DE MATERIA | |
| Término de materia o nombre geográfico como elemento de entrada | CONSTITUCIONES |
| 650 #4 - PUNTO DE ACCESO ADICIONAL DE MATERIA--TÉRMINO DE MATERIA | |
| Término de materia o nombre geográfico como elemento de entrada | DERECHOS CIVILES Y POLITICOS |
| 650 #4 - PUNTO DE ACCESO ADICIONAL DE MATERIA--TÉRMINO DE MATERIA | |
| Término de materia o nombre geográfico como elemento de entrada | PODER POLITICO |
| 650 #4 - PUNTO DE ACCESO ADICIONAL DE MATERIA--TÉRMINO DE MATERIA | |
| Término de materia o nombre geográfico como elemento de entrada | HISTORIA DEL DERECHO |
| 650 #4 - PUNTO DE ACCESO ADICIONAL DE MATERIA--TÉRMINO DE MATERIA | |
| Término de materia o nombre geográfico como elemento de entrada | LEGISLACION ARGENTINA |
| 650 #4 - PUNTO DE ACCESO ADICIONAL DE MATERIA--TÉRMINO DE MATERIA | |
| Término de materia o nombre geográfico como elemento de entrada | HISTORIA CONSTITUCIONAL |
| 650 #4 - PUNTO DE ACCESO ADICIONAL DE MATERIA--TÉRMINO DE MATERIA | |
| Término de materia o nombre geográfico como elemento de entrada | FEDERALISMO ARGENTINO |
| 650 #4 - PUNTO DE ACCESO ADICIONAL DE MATERIA--TÉRMINO DE MATERIA | |
| Término de materia o nombre geográfico como elemento de entrada | HISTORIA INSTITUCIONAL |
| 651 #4 - PUNTO DE ACCESO ADICIONAL DE MATERIA--NOMBRE GEOGRÁFICO | |
| Nombre geográfico | Argentina |
| 700 1# - ENTRADA AGREGADA--NOMBRE PERSONAL | |
| Nombre de persona | Amaya, Jorge Alejandro |
| Término indicativo de función/relación | coordinador |
| 942 ## - ELEMENTOS DE ENTRADA SECUNDARIOS (KOHA) | |
| Tipo de ítem Koha | Libros |
| 998 ## - INFORMACIÓN DE CONTROL LOCAL (RLIN) | |
| Iniciales del catalogador, CIN (RLIN) | Mariana |
| Estatus retirado | Estado de pérdida | Fuente de la clasificación o esquema de estantería | Estado de daño | No para préstamo | Biblioteca de origen | Biblioteca actual | Fecha de adquisición | Total de préstamos | Signatura topográfica completa | Código de barras | Visto por última vez | Precio de reemplazo | Tipo de ítem Koha |
|---|---|---|---|---|---|---|---|---|---|---|---|---|---|
| Clasificación Decimal Dewey | Liberty | Liberty | 28/11/2025 | 342.4 AMA | 134993 | 28/11/2025 | 28/11/2025 | Libros | |||||
| Clasificación Decimal Dewey | Liberty | Liberty | 28/11/2025 | 342.4 AMA | 134816 | 28/11/2025 | 28/11/2025 | Libros |